000 00400nam a2200169Ia 4500
999 _c2775
_d2775
003 GBCCL
005 20241126110439.0
008 170919b xxu||||| |||| 00| 0 eng d
040 _cgbc
082 _a297.211
_bALM
100 _aAl-Masih, Abd
_95870
245 _aWHO IS ALLAH IN ISLAM ?
260 _bLight of life
_aAustria;
_cnd
300 _a108p.
650 _aIslam
_91511
942 _2ddc
_cBK
_010